<?xml version="1.0" encoding="UTF-8"?><?xml-stylesheet type="text/xsl" href="static/style.xsl"?><OAI-PMH xmlns="http://www.openarchives.org/OAI/2.0/" xmlns:xsi="http://www.w3.org/2001/XMLSchema-instance" xsi:schemaLocation="http://www.openarchives.org/OAI/2.0/ http://www.openarchives.org/OAI/2.0/OAI-PMH.xsd"><responseDate>2026-04-13T03:57:25Z</responseDate><request verb="GetRecord" identifier="oai:www.recercat.cat:10459.1/85211" metadataPrefix="marc">https://recercat.cat/oai/request</request><GetRecord><record><header><identifier>oai:recercat.cat:10459.1/85211</identifier><datestamp>2024-12-05T22:30:34Z</datestamp><setSpec>com_2072_3622</setSpec><setSpec>col_2072_479130</setSpec></header><metadata><record xmlns="http://www.loc.gov/MARC21/slim" xmlns:dcterms="http://purl.org/dc/terms/" xmlns:xsi="http://www.w3.org/2001/XMLSchema-instance" xmlns:doc="http://www.lyncode.com/xoai" xsi:schemaLocation="http://www.loc.gov/MARC21/slim http://www.loc.gov/standards/marcxml/schema/MARC21slim.xsd">
   <leader>00925njm 22002777a 4500</leader>
   <datafield ind2=" " ind1=" " tag="042">
      <subfield code="a">dc</subfield>
   </datafield>
   <datafield ind2=" " ind1=" " tag="720">
      <subfield code="a">Villar-Onrubia, Daniel</subfield>
      <subfield code="e">author</subfield>
   </datafield>
   <datafield ind2=" " ind1=" " tag="720">
      <subfield code="a">Morini, Luca</subfield>
      <subfield code="e">author</subfield>
   </datafield>
   <datafield ind2=" " ind1=" " tag="720">
      <subfield code="a">Marín, Victoria I.</subfield>
      <subfield code="e">author</subfield>
   </datafield>
   <datafield ind2=" " ind1=" " tag="720">
      <subfield code="a">Nascimbeni, Fabio</subfield>
      <subfield code="e">author</subfield>
   </datafield>
   <datafield ind2=" " ind1=" " tag="260">
      <subfield code="c">2023-01-11T08:49:59Z</subfield>
   </datafield>
   <datafield ind2=" " ind1=" " tag="260">
      <subfield code="c">2023-01-11T08:49:59Z</subfield>
   </datafield>
   <datafield ind2=" " ind1=" " tag="260">
      <subfield code="c">2022-12</subfield>
   </datafield>
   <datafield ind2=" " ind1=" " tag="260">
      <subfield code="c">2023-01-11T08:49:59Z</subfield>
   </datafield>
   <datafield ind2=" " ind1=" " tag="520">
      <subfield code="a">The use of information and communication technologies for education is increasingly recognised as essential in a postpandemic world. In this regard, the ability to effectively engage with technologies for educational purposes is now part of the basic knowledge, skills and attitudes to be expected from anyone in the teaching profession. Accentuated by the proliferation of technology-mediated situations resulting from the Covid-19 pandemic, but linked to a longer-term trend, dealing with the digital is also now an almost unavoidable aspect of active participation in society and civic engagement. Indeed, the notion of 'postdigital' is rapidly gaining traction as a way to highlight that the digital and non-digital cannot be really separated anymore and, due to this fact, (post)digital citizenship is emerging as a core competence for citizens. Still, the way digitally competent educators are expected to support learners in their development as digital citizens is not explored enough. To contribute to closing this gap, this paper reviews 24 teacher competence frameworks from different regions of the world and makes the case for considering educators' critical digital literacy as a key leverage to building digital (post)citizenship and fostering ethical uses of technology. The analysis reveals that critical digital literacy is mostly missing and, hence, the paper closes with a set of recommendations for policymakers and institutional leaders in the education sector on how to incorporate critical aspects of digital literacy in educators' professional development activities, so that teachers and trainers can operate as a much needed vector to develop (post)digital citizenship across our societies.</subfield>
   </datafield>
   <datafield ind2=" " ind1=" " tag="520">
      <subfield code="a">Daniel Villar-Onrubia acknowledges the support of&#xd;
the grant María Zambrano (RD 289/2021), funded&#xd;
by the European Union - Next GenerationEU&#xd;
programme.&#xd;
Victoria I. Marín acknowledges the support of the&#xd;
grant RYC2019-028398-I&#xd;
funded by MCIN/AEI/ 10.13039/501100011033 and&#xd;
FSE “El FSE invierte en tu futuro”.</subfield>
   </datafield>
   <datafield ind1="8" ind2=" " tag="024">
      <subfield code="a">http://hdl.handle.net/10459.1/85211</subfield>
   </datafield>
   <datafield tag="653" ind2=" " ind1=" ">
      <subfield code="a">Teacher Competence Frameworks</subfield>
   </datafield>
   <datafield tag="653" ind2=" " ind1=" ">
      <subfield code="a">Digital Competence</subfield>
   </datafield>
   <datafield tag="653" ind2=" " ind1=" ">
      <subfield code="a">Teachers, Critical Digital Literacies</subfield>
   </datafield>
   <datafield tag="653" ind2=" " ind1=" ">
      <subfield code="a">Digital Citizenship</subfield>
   </datafield>
   <datafield ind2="0" ind1="0" tag="245">
      <subfield code="a">Critical digital literacy as a key for (post)digital citizenship: an international review of teacher competence frameworks</subfield>
   </datafield>
</record></metadata></record></GetRecord></OAI-PMH>